Maailman pääkaupungit kartalla - Statistics

Yleistilastot
  • Tätä visaa on pelattu 798 kertaa
  • Keskiarvotulos 88 / 196
Vastaukset kartalla
Vastauksille on annettu kartalla punavihreä väri sen mukaan, kuinka moni on saanut sen oikein.
 
Vastaustilastot
Valtio Pääkaupunki % Oikein
Suomi Helsinki
97%
Norja Oslo
93%
Ruotsi Tukholma
93%
Venäjä Moskova
91%
Viro Tallinna
91%
Yhdistynyt kuningaskunta Lontoo
90%
Yhdysvallat Washington DC
90%
Islanti Reykjavík
89%
Saksa Berliini
88%
Espanja Madrid
88%
Ranska Pariisi
88%
Tanska Kööpenhamina
86%
Irlanti Dublin
85%
Latvia Riika
84%
Japani Tokio
84%
Portugali Lissabon
83%
Alankomaat Amsterdam
82%
Ukraina Kiova
82%
Italia Rooma
82%
Puola Varsova
82%
Itävalta Wien
82%
Kreikka Ateena
81%
Kanada Ottawa
81%
Belgia Bryssel
79%
Meksiko México
79%
Monaco Monaco
79%
Liettua Vilna
79%
Andorra Andorra la Vella
78%
Luxemburg Luxemburg
78%
Vatikaanivaltio Vatikaani
78%
Brasilia Brasília
77%
Bulgaria Sofia
77%
Turkki Ankara
76%
Egypti Kairo
76%
San Marino San Marino
76%
Intia New Delhi
75%
Kiina Peking
74%
Unkari Budapest
72%
Tsekki Praha
72%
Etelä-Korea Soul
72%
Sveitsi Bern
71%
Australia Canberra
71%
Valko-Venäjä Minsk
71%
Romania Bukarest
70%
Peru Lima
70%
Israel Jerusalem
67%
Thaimaa Bangkok
66%
Etelä-Afrikka Pretoria / Kapkaupunki / Bloemfontein
64%
Malta Valletta
64%
Kroatia Zagreb
63%
Argentiina Buenos Aires
62%
Slovakia Bratislava
61%
Slovenia Ljubljana
61%
Albania Tirana
61%
Bosnia ja Hertsegovina Sarajevo
60%
Serbia Belgrad
59%
Kuuba Havanna
59%
Indonesia Jakarta
57%
Filippiinit Manila
57%
Singapore Singapore
57%
Tunisia Tunis
57%
Yhdistyneet arabiemiraatit Abu Dhabi
56%
Iran Teheran
56%
Moldova Chișinău
55%
Vietnam Hanoi
55%
Chile Santiago de Chile
55%
Liechtenstein Vaduz
55%
Uusi-Seelanti Wellington
55%
Irak Bagdad
53%
Kolumbia Bogotá
53%
Kypros Nikosia
52%
Saudi-Arabia Riad
52%
Algeria Alger
51%
Uruguay Montevideo
51%
Kenia Nairobi
51%
Kosovo Pristina
51%
Malesia Kuala Lumpur
50%
Pohjois-Korea Pjongjang
50%
Pohjois-Makedonia Skopje
50%
Qatar Doha
49%
Panama Panama
49%
Taiwan Taipei
49%
Bangladesh Dhaka
47%
Jamaika Kingston
47%
Mongolia Ulaanbaatar
47%
Kazakstan Astana
46%
Azerbaidžan Baku
46%
Pakistan Islamabad
46%
Montenegro Podgorica
46%
Marokko Rabat
46%
Kuwait Kuwait
45%
Somalia Mogadishu
45%
Jordania Amman
44%
Nepal Kathmandu
44%
Georgia Tbilisi
44%
Libanon Beirut
43%
Afganistan Kabul
43%
Etiopia Addis Abeba
42%
Venezuela Caracas
42%
Bolivia La Paz / Sucre
42%
Libya Tripoli
42%
Syyria Damaskos
41%
Ecuador Quito
41%
Malediivit Malé
40%
El Salvador San Salvador
39%
Jemen Sanaa
38%
Guatemala Guatemala
37%
Bahama Nassau
37%
Haiti Port-au-Prince
37%
Armenia Jerevan
36%
Djibouti Djibouti
35%
Paraguay Asunción
34%
Senegal Dakar
34%
Kongon demokraattinen tasavalta Kinshasa
34%
Laos Vientiane
34%
Costa Rica San José
33%
Madagaskar Antananarivo
31%
Itä-Timor Dili
31%
Kongon tasavalta Brazzaville
30%
Guyana Georgetown
30%
Angola Luanda
30%
Bahrain Manama
30%
Oman Masqat
30%
Uzbekistan Taškent
30%
Nigeria Abuja
29%
Ghana Accra
29%
Sierra Leone Freetown
29%
Kambodža Phnom Penh
29%
Dominikaaninen tasavalta Santo Domingo
29%
Kirgisia Biškek
27%
Uganda Kampala
27%
Saint Vincent ja Grenadiinit Kingstown
27%
Sri Lanka Kotte
27%
Trinidad ja Tobago Port of Spain
27%
Sudan Khartum
26%
Sambia Lusaka
26%
São Tomé ja Príncipe São Tomé
26%
Namibia Windhoek
26%
Turkmenistan Ašgabat
25%
Etelä-Sudan Juba
25%
Bhutan Thimphu
25%
Guinea-Bissau Bissau
24%
Gabon Libreville
24%
Suriname Paramaribo
24%
Seychellit Victoria
24%
Brunei Bandar Seri Begawan
23%
Belize Belmopan
23%
Burkina Faso Ouagadougou
23%
Eritrea Asmara
22%
Tadžikistan Dušanbe
22%
Zimbabwe Harare
22%
Ruanda Kigali
22%
Nicaragua Managua
22%
Liberia Monrovia
22%
Mali Bamako
21%
Barbados Bridgetown
21%
Tansania Dodoma
21%
Mosambik Maputo
21%
Myanmar Naypyidaw
21%
Papua-Uusi-Guinea Port Moresby
21%
Gambia Banjul
20%
Togo Lomé
20%
Tšad N'Djamena
20%
Kap Verde Praia
20%
Honduras Tegucigalpa
20%
Samoa Apia
19%
Mauritius Port Louis
19%
Benin Porto-Novo / Cotonou
19%
Fidži Suva
19%
Keski-Afrikan tasavalta Bangui
18%
Botswana Gaborone
18%
Niger Niamey
18%
Grenada St. George's
18%
Burundi Gitega
17%
Lesotho Maseru
17%
Komorit Moroni
17%
Dominica Roseau
17%
Antigua ja Barbuda St. John's
17%
Guinea Conakry
16%
Malawi Lilongwe
16%
Kamerun Yaoundé
16%
Saint Kitts ja Nevis Basseterre
15%
Saint Lucia Castries
15%
Tonga Nukuʻalofa
15%
Salomoninsaaret Honiara
14%
Swazimaa Mbabane
14%
Mauritania Nouakchott
14%
Norsunluurannikko Yamoussoukro
14%
Tuvalu Funafuti
13%
Kiribati South Tarawa
13%
Nauru Yaren
13%
Marshallinsaaret Majuro
12%
Palau Ngerulmud
12%
Vanuatu Port Vila
12%
Mikronesia Palikir
10%
Päiväntasaajan Guinea Ciudad de la Paz
9%
Ehtoja vastaavia visoja ei löytynyt
Tulosjakauma
Jokaisen tuloksen saaneiden osuus
Persentiili vastausten määrän mukaan
Tuloshistoriasi
Et ole pelannut tätä visaa